Visualizzazione normale
Vista MARC
- Maccari Ruggero
di Personal Name
Records bibliografici associati: 1
001 - CONTROL NUMBER
- control field: 49503
003 - CONTROL NUMBER IDENTIFIER
- control field: IT-RoPau
005 - DATE AND TIME OF LATEST TRANSACTION
- control field: 20151202091648.0
008 - FIXED-LENGTH DATA ELEMENTS
- fixed length control field: 151202|| aca||aabn | a|a d
040 ## - CATALOGING SOURCE
- Original cataloging agency: IT-RoPau
- Transcribing agency: IT-RoPau
100 ## - HEADING--PERSONAL NAME
- Personal name: Maccari Ruggero
- Relator term: (soggetto)
- Miscellaneous information: Codice Soggetto SPICS: 4397
670 ## - SOURCE DATA FOUND
- Source citation: Work cat.: (IT-RoPau)106931: Scola Ettore Codice regista SPICS: 1407 49500, FAMIGLIA (LA) FAMIGLIA (LA) (Rif. Codice opera principale : H5997)